| 000 -LEADER |
| fixed length control field |
00459nam a22001577a 4500 |
| 008 - FIXED-LENGTH DATA ELEMENTS--GENERAL INFORMATION |
| fixed length control field |
200709b ||||| |||| 00| 0 eng d |
| 082 00 - DEWEY DECIMAL CLASSIFICATION NUMBER |
| Classification number |
629.8 |
| Item number |
S981 |
| 100 ## - MAIN ENTRY--PERSONAL NAME |
| 9 (RLIN) |
3300 |
| Personal name |
Syal, I. C. |
| 245 10 - TITLE STATEMENT |
| Title |
Computer programming and engineering analysis / |
| 250 ## - EDITION STATEMENT |
| Edition statement |
2nd ed. |
| 260 ## - PUBLICATION, DISTRIBUTION, ETC. (IMPRINT) |
| Place of publication, distribution, etc |
Allahabad |
| Name of publisher, distributor, etc |
A. H.Wheeler & Co. |
| Date of publication, distribution, etc |
1986 |
| 300 ## - PHYSICAL DESCRIPTION |
| Extent |
xiv, 545 p. |
| 650 #0 - SUBJECT ADDED ENTRY--TOPICAL TERM |
| Topical term or geographic name as entry element |
Computer programming |
| 700 ## - ADDED ENTRY--PERSONAL NAME |
| 9 (RLIN) |
3301 |
| Personal name |
Gupta, S. P. |
| 942 ## - ADDED ENTRY ELEMENTS (KOHA) |
| Item type |
Books |